00821nam a2200253Ia 4500008004100000040001800041041000800059100002700067245007100094250002400165260005200189300004500241490002500286650003300311650003100344650002700375650001200402650003500414650003400449650001300483650002400496650001500520650003200535130821s1967 ck a gr spa  aCo-BoUCMbspa00aspa1 aBeringue P., Francisco10aEstudios de mercado y de opinión públicacFrancisco Beringue P a2a. ed.(corr y aum) aBogotá (Colombia)bEdiciones Rosaristasc1967 a328 páginasbilustraciones, gráficas 0aColección Principe aAdministración de empresas aAdministración de ventas aAnálisis de mercadeo aCompras aConsumidoresvEstudio de casos aConsumidoresxInvestigaciones aMercadeo aOpinión pública aPublicidad aRelaciones con los clientes